Learning zone 4 : workbook / (Record no. 288264)
[ view plain ]
| 000 -LEADER | |
|---|---|
| fixed length control field | 00514nam a22001577a 4500 |
| 008 - FIXED-LENGTH DATA ELEMENTS--GENERAL INFORMATION | |
| fixed length control field | 150617b xxu||||| |||| 00| 0 eng d |
| 020 ## - INTERNATIONAL STANDARD BOOK NUMBER | |
| International Standard Book Number | 9789814607834 |
| 050 ## - LIBRARY OF CONGRESS CALL NUMBER | |
| Classification number | PE 1001 .P949w 2014 |
| 100 ## - MAIN ENTRY--PERSONAL NAME | |
| Personal name | Prieto, Margarita |
| 245 ## - TITLE STATEMENT | |
| Title | Learning zone 4 : workbook / |
| Remainder of title | workbook / |
| Statement of responsibility, etc | Margarita Prieto ; Laura McGowan .-- |
| 260 ## - PUBLICATION, DISTRIBUTION, ETC. (IMPRINT) | |
| Place of publication, distribution, etc | Mexico |
| Name of publisher, distributor, etc | McGraw-Hill |
| Date of publication, distribution, etc | c2014 |
| 300 ## - PHYSICAL DESCRIPTION | |
| Extent | 126 pages., |
| Other physical details | illustrations., ; |
| Dimensions | 27 cm. |
| Accompanying material | Workbook |
| 500 ## - GENERAL NOTE | |
| General note | Accompanied by CD-ROM |
| 700 ## - ADDED ENTRY--PERSONAL NAME | |
| Personal name | McGowan, Laura |
| 942 ## - ADDED ENTRY ELEMENTS (KOHA) | |
| Source of classification or shelving scheme | Library of Congress Classification |
| Item type | Books |
| Withdrawn status | Lost status | Source of classification or shelving scheme | Damaged status | Home library | Current library | Shelving location | Date acquired | Source of acquisition | Total Checkouts | Total Renewals | Full call number | Barcode | Date last seen | Date last borrowed | Price effective from | Koha item type | Public note |
|---|---|---|---|---|---|---|---|---|---|---|---|---|---|---|---|---|---|
| Library of Congress Classification | Luxembourg Library | Luxembourg Library | Teachers Reference Section | 06/17/2015 | Library Fund | 3 | 28 | PE 1001 .P949w 2014 | 20048 | 04/25/2018 | 12/10/2016 | 06/17/2015 | Books | Be Amazing. Be Southville! | |||
| Library of Congress Classification | Luxembourg Library | Luxembourg Library | Teachers Reference Section | 06/17/2015 | Library Fund | PE 1001 .P949w 2014 | 20049 | 07/01/2015 | 06/17/2015 | Books | Be Amazing. Be Southville! | ||||||
| Library of Congress Classification | Luxembourg Library | Luxembourg Library | Teachers Reference Section | 07/14/2015 | Library Fund | PE 1001 .P949w 2014 | 20075 | 07/14/2015 | 07/14/2015 | Books | Be Amazing. Be Southville! |